Rubbery copolymers from unsaturated ketones (Record no. 68355)

MARC details
000 -LEADER
fixed length control field 00392nam a2200133Ia 4500
100 ## - MAIN ENTRY--AUTHOR NAME
Personal name Cooper W
245 #0 - TITLE STATEMENT
Title Rubbery copolymers from unsaturated ketones
260 ## - PUBLICATION, DISTRIBUTION, ETC. (IMPRINT)
Name of publisher Proceedings of the 3rd Rubber Technology Conference, London, 1954; p150-169
650 ## - SUBJECT ADDED ENTRY--TOPICAL TERM
Topical Term Rubbery copolymers
700 ## - ADDED ENTRY--PERSONAL NAME
Personal name Bird T B
700 ## - ADDED ENTRY--PERSONAL NAME
Personal name Catterall E
942 ## - ADDED ENTRY ELEMENTS (KOHA)
Koha item type Journals
Holdings
Withdrawn status Lost status Damaged status Not for loan Home library Current library Shelving location Date acquired Koha item type
      Journals RRII Library RRII Library Rubber chemistry 17/12/2021 Journals